书目信息 |
| 题名: |
有机化学
|
|
| 作者: | 马军营 , 郭进武 主编 | |
| 分册: | ||
| 出版信息: | 北京 化学工业出版社 2016 |
|
| 页数: | 314页 | |
| 开本: | 26cm | |
| 丛书名: | ||
| 单 册: | ||
| 中图分类: | O62-43 , O62 | |
| 科图分类: | ||
| 主题词: | 有机化学--you ji hua xue--高等学校--教材 | |
| 电子资源: | ||
| ISBN: | 978-7-122-25861-8 | |
| 000 | 01385nam0 2200337 450 | |
| 001 | 012001001748 | |
| 005 | 20191122092038.06 | |
| 010 | @a978-7-122-25861-8@dCNY39.80 | |
| 099 | @aCAL 012016041028 | |
| 100 | @a20160301d2016 em y0chiy50 ea | |
| 101 | 0 | @achi |
| 102 | @aCN@b110000 | |
| 105 | @aak a 000yy | |
| 106 | @ar | |
| 200 | 1 | @a有机化学@Ayou ji hua xue@f马军营, 郭进武主编 |
| 205 | @a第2版 | |
| 210 | @a北京@c化学工业出版社@d2016 | |
| 215 | @a314页@c图@d26cm | |
| 300 | @a高等学校“十三五”规划教材 河南科技大学教材出版基金资助项目 | |
| 312 | @a英文并列题名取自封面 | |
| 320 | @a有书目 | |
| 330 | @a本书内容按照绪论、烷烃和环烷烃、烯烃和炔烃、芳香烃、旋光异构、卤代烃、醇酚醚、醛酮、羧酸及其衍生物、含氮和含磷有机物、杂环化合物和生物碱、油脂和类脂、碳水化合物、氨基酸和蛋白质、有机波谱分析基础等十五章进行编排,并给出了相应有机物的英文名称。 | |
| 333 | @a本书可作为化学、应用化学、化学工程与工艺、生命科学、环境科学、高分子化学、临床医学、护理学、法医学、医学工程、制药、食品科学、农学、林学、动物科学等学科学生的教材及供化工、化学技术与管理工作者参阅。 | |
| 510 | 1 | @aOrganic chemistry@zeng |
| 606 | 0 | @a有机化学@Ayou ji hua xue@x高等学校@j教材 |
| 690 | @aO62-43@v5 | |
| 690 | @aO62@v5 | |
| 701 | 0 | @a马军营@Ama jun ying@4主编 |
| 701 | 0 | @a郭进武@Aguo jin wu@4主编 |
| 801 | 0 | @aCN@b北京卓展@c20191020 |
| 905 | @b1198901-4@dO62-43@e265=2@f4 | |
| 有机化学/马军营, 郭进武主编.-第2版.-北京:化学工业出版社,2016 |
| 314页:图;26cm |
| 高等学校“十三五”规划教材 河南科技大学教材出版基金资助项目.-使用对象:本书可作为化学、应用化学、化学工程与工艺、生命科学、环境科学、高分子化学、临床医学、护理学、法医学、医学工程、制药、食品科学、农学、林学、动物科学等学科学生的教材及供化工、化学技术与管理工作者参阅。 |
| ISBN 978-7-122-25861-8:CNY39.80 |
| 本书内容按照绪论、烷烃和环烷烃、烯烃和炔烃、芳香烃、旋光异构、卤代烃、醇酚醚、醛酮、羧酸及其衍生物、含氮和含磷有机物、杂环化合物和生物碱、油脂和类脂、碳水化合物、氨基酸和蛋白质、有机波谱分析基础等十五章进行编排,并给出了相应有机物的英文名称。 |
| ● |
| 相关链接 |
|
|
|
|
正题名:有机化学
索取号:O62-43/265=2
 
预约/预借
| 序号 | 登录号 | 条形码 | 馆藏地/架位号 | 状态 | 备注 |
| 1 | 1198901 | 211989017 | 第二样本阅览室/ [索取号:O62-43/265=2] | 在馆 | |
| 2 | 1198902 | 211989026 | 第三借阅区/ [索取号:O62-43/265=2] | 在馆 | |
| 3 | 1198903 | 211989035 | 第三借阅区/ [索取号:O62-43/265=2] | 在馆 | |
| 4 | 1198904 | 211989044 | 第三借阅区/ [索取号:O62-43/265=2] | 在馆 |